000 00694nam a2200229Ia 4500
003 OSt
005 20220926022949.0
006 a|||||r|||| 00| 0
007 ta
008 220923b |||||||| |||| 00| 0 eng d
037 _cGeneral Book
040 _aRTL
_cRTL
_beng
041 _2eng
_aeng
082 _aXv1.N6, L0
100 _aAndreano Ralph L Ed.
_9252242
245 0 _aNew economic history
_b Recent papers on methodology
260 _aNew York
_bWiley
_c1970
300 _axiv;178p
_ccm.
490 _aWiley Series in American Economic History. Ed. by Ralph L Andreano
942 _hXv1.N6, L0
_cGB
_2CC
999 _c640685
_d640685